00828nam a2200229Ia 450000500170000000800410001702000270005804000190008504100120010408200170011624500620013326001320019530000190032750400350034665000210038165100320040270000280043485000100046294200070047299900160047995201030049520231106093218.0131103s9999 xx 000 0 und d a81-85952-50-7cRs. 350 aLoreto College aEnglish a320.954bKHA aRethinking Indian Federalismcedited by Rasheeduddin Khan aShimlabInter-University Centre for Humanities and Social Sciences, Indian Institute of Advanced Study, Rashtrapatinivas.c1997 ax,271p, 22 cm. aIncludes list of contributors. aFederalism-India aPolitical Science - India  aKhan, Rasheeduddin, ed. aLCLIB cBK c2156d52635 00102ddc4070aMAINbMAINd2013-11-04l0o320.954 KHA 42462pB1032r2013-11-04w2013-11-04yBKf